Rozvojová stratégia a riadenie rastu podniku bakalárska práca

Saved in:
Bibliographic Details
Main Author: Ihnashko, Alona
Corporate Author: Podnikovohospodárska fakulta EU so sídlom v Košiciach. Katedra manažmentu
Other Authors: Barkóciová, Miroslava, 1996-
Format: Book
Language:Slovak
Published: Košice 2022
Tags: Add Tag
No Tags, Be the first to tag this record!

MARC

LEADER 00000nbm a2200000 4500
001 0287394
005 20230511134437.6
041 0 |a slo 
044 |a SK 
245 1 0 |a Rozvojová stratégia a riadenie rastu podniku  |b bakalárska práca  |c Alona Ihnashko ; školiteľ: Miroslava Barkóciová 
264 1 |a Košice  |c 2022 
300 |a 47 s. 
100 1 |a Ihnashko, Alona 
700 1 |a Barkóciová, Miroslava, 1996- 
710 2 |a Podnikovohospodárska fakulta EU so sídlom v Košiciach. Katedra manažmentu